|
|
|
|
| LEADER |
01179nam a2200337 a 4500 |
| 001 |
EBC3116919 |
| 003 |
MiAaPQ |
| 005 |
20200520144314.0 |
| 006 |
m o d | |
| 007 |
cr cn||||||||| |
| 008 |
911004s1992 caua s 000 0 eng |
| 010 |
|
|
|z 91076246
|
| 020 |
|
|
|z 1560521244
|
| 035 |
|
|
|a (MiAaPQ)EBC3116919
|
| 035 |
|
|
|a (Au-PeEL)EBL3116919
|
| 035 |
|
|
|a (CaPaEBR)ebr10058007
|
| 035 |
|
|
|a (OCoLC)922967009
|
| 040 |
|
|
|a MiAaPQ
|c MiAaPQ
|d MiAaPQ
|
| 050 |
|
4 |
|a PE1449
|b .B633 1992
|
| 082 |
0 |
4 |
|a 428.1
|2 20
|
| 100 |
1 |
|
|a Romero, Diana Bonet,
|d 1942-
|
| 245 |
1 |
0 |
|a Vocabulary improvement
|h [electronic resource] :
|b words made easy /
|c Diana Bonet.
|
| 260 |
|
|
|a Los Altos, Calif. :
|b Crisp Publications,
|c c1992.
|
| 300 |
|
|
|a vi, 134 p. :
|b ill.
|
| 490 |
1 |
|
|a Fifty-Minute series
|
| 533 |
|
|
|a Electronic reproduction. Ann Arbor, MI : ProQuest, 2015. Available via World Wide Web. Access may be limited to ProQuest affiliated libraries.
|
| 650 |
|
0 |
|a Vocabulary.
|
| 655 |
|
4 |
|a Electronic books.
|
| 710 |
2 |
|
|a ProQuest (Firm)
|
| 830 |
|
0 |
|a Fifty-Minute series.
|
| 856 |
4 |
0 |
|u https://ebookcentral.proquest.com/lib/matrademy/detail.action?docID=3116919
|z Click to View
|